| 000 | 00927nam a22002537a 4500 | ||
|---|---|---|---|
| 005 | 20170123162356.0 | ||
| 010 | _aA-842584 | ||
| 020 | _c9.00 | ||
| 035 | _aA-842584 | ||
| 037 | _bCen Lib/Ret | ||
| 040 |
_aDPL _bUR |
||
| 082 |
_a615.54 _bی ب و |
||
| 100 |
_aابو بکر محمد بن زکريا رمزي _9143375 |
||
| 245 |
_aکتا ب الا برا ل _cابو بکر محمد بن زکريا رمزي |
||
| 246 |
_aKita-e-- Alaral/ _bby Abu Bakar Mohd bin Zakria razi |
||
| 260 |
_aنیی دہلی _bسنٹرل کونسل فار ريسرچ ان يونانی ويڑيسن _c1984 |
||
| 270 |
_bنیی دہلی _a5، پنچ شيل شا پنگ سنٹر _e110017 |
||
| 300 |
_a95ص _c19cm(Hb) |
||
| 650 |
_aادب -- اردو _9143376 |
||
| 650 |
_aاردو سونے عمری _9108484 |
||
| 650 |
_aLiterature -- Urdu _9143377 |
||
| 650 |
_aUrdu biography _9511 |
||
| 942 |
_2ddc _cUR _h615۔54 _mا ت و |
||
| 999 |
_c109605 _d109605 |
||